000 00322cam a22001217a 4500
008 180718b1972 xxu||||| |||| 00| 0 eng d
082 _aA99 R812/N131
100 _aNag, Jamana
245 _aRaja Rammohan Roy
_cby Jamana Nag
260 _aDelhi
_bSterling
_c1972
300 _a167p.
650 _aRoy, Raja Rammohun, 1772-1833
999 _c349590
_d349590